书目信息

书名: 植物生理学室内实验法 
作者: Kaufman 考夫曼 著 ;林启汉 陈小彭
出版信息: 北京   科学出版社  1981.08
开本页数: 26cm  218页
丛书名:
单 册:
中图分类: Q94
科图分类:
主题词: 植物生理学--实验--方法 , 植物学
电子资源:
ISBN:
000 01119nam 2200325 45
001 0196472070
005 20060227090029.00
010    @dCNY2.20
100    @a19970423d1981 ek y0chiy0120 ea
101 @achi@ceng
102    @aCN@b110000
105    @ay z 000yy
200 @a植物生理学室内实验法@AZhi Wu Sheng Li Xue Shi Nei Shi YanFa @f(美)考夫曼(Kaufman,P.B.)等著 @g陈小彭,林启汉译@F( Mei )Kao Fu Man (Kaufman,P.B.) Deng Zhu @G Chen Xiao Peng , LinQiHan Yi
210    @a北京@c科学出版社@d1981.08
215    @a218页@d26cm
300    @a书名原文:Laboratory experiments in plant physiology.
330    @a本书共分九章,包括41个实验,内容遍及植物生理学中的各个主要领域.
517 @aLaboratory experiments in plant physiology@zeng
540 @a植物生理学 室内实验法
606    @a植物生理学@x实验@x方法
606 @a植物学
690    @aQ94@v3
701 A1 @aKaufman @bP.B.@4著
701  1 @a考夫曼@AKao Fu Man @4著
702  0 @a林启汉@ALin Qi Han @4译
702  0 @a陈小彭@AChen Xiao Peng @4译
801  0 @aCN@bSNU@c20060227
905    @a10447@dQ94@e191
906    @aQ945-33/4456@b8
999    @aqgq
    
    植物生理学室内实验法/(美)考夫曼(Kaufman,P.B.)等著 /陈小彭,林启汉译.-北京:科学出版社,1981.08
    218页;26cm
    书名原文:Laboratory experiments in plant physiology.
    
    ISBN :CNY2.20
    本书共分九章,包括41个实验,内容遍及植物生理学中的各个主要领域.
相关链接 在五车中查询图书 在当当中查询图书 在豆瓣中查询图书


正题名:植物生理学室内实验法     索取号:Q94/191         预约/预借

序号 登录号 条形码 馆藏地/架位号 状态 备注
1 34869   200348695   流通四库四楼/ [索取号:Q94/191] 在馆    
2 34870   200348702   流通四库四楼/ [索取号:Q94/191] 在馆    
3 34871   200348711   流通四库四楼/ [索取号:Q94/191] 在馆    
4 34872   200348720   流通四库四楼/ [索取号:Q94/191] 在馆    
5 34873   200348739   流通四库四楼/ [索取号:Q94/191] 在馆    
6 34874   200348748   海科密-1楼/49架7列2层/ [索取号:Q94/191] 在馆    
7 34875   200348757   流通四库四楼/ [索取号:Q94/191] 在馆    
8 34876   200348766   流通四库四楼/ [索取号:Q94/191] 在馆    
9 34877   200348775   流通四库四楼/ [索取号:Q94/191] 在馆    
10 34878   200348784   流通四库四楼/ [索取号:Q94/191] 在馆